websters 9th new collegiate dictionary (Record no. 136427)

000 -LEADER
fixed length control field 00300nam a2200121Ia 4500
008 - FIXED-LENGTH DATA ELEMENTS--GENERAL INFORMATION
fixed length control field 220120s9999||||xx |||||||||||||| ||und||
020 ## - INTERNATIONAL STANDARD BOOK NUMBER
International Standard Book Number 440420431
082 ## - DEWEY DECIMAL CLASSIFICATION NUMBER
Classification number 425 WEB
100 ## - MAIN ENTRY--PERSONAL NAME
Personal name Websters
245 #0 - TITLE STATEMENT
Title websters 9th new collegiate dictionary
260 ## - PUBLICATION, DISTRIBUTION, ETC.
Place of publication, distribution, etc. websters
Name of publisher, distributor, etc. New York
300 ## - PHYSICAL DESCRIPTION
Extent 282p.
Other physical details 0
Holdings
Withdrawn status Lost status Damaged status Not for loan Collection code Home library Current library Date acquired Barcode Date last seen Price effective from Koha item type
        Humanity Science Central Library Central Library 01/20/2022 GF286 01/20/2022 01/20/2022 Gift Books

Powered by Koha